000 00706nam a2200181 a 4500
001 000029285
005 20240307073948.0
008 110414s2007 dr abc 000 | spa d
040 _aDO-SdBNP
_bspa
_cBNPHU
082 _axxx
_bR426g
110 1 _aRepública Dominicana.
_bPresidencia de la República.
_bConsejo Nacional de Asuntos Urbanos
_954715
245 1 0 _aGEO Santo Domingo :
_bperspectiva del medio ambiente urbano.
260 _aSanto Domingo :
_bConsejo Nacional de Asuntos Urbanos,
_c2007.
300 _a245 p. :
_bil., mapas, retrs. ;
_c29 cm.
710 2 _aPrograma de las Naciones Unidas para el Medio Ambiente
_956169
710 1 _aUniversidad Autónoma de Santo Domingo
_972951
049 _aBNGR
999 _c28777
_d28777